000 00192 a2200097 4500
001 2876
100 _aKlei
245 _aGrand Deception
260 _a
_bFaber & Faber
_c
090 _c2169
_d2169
942 _aNUST-CAE
_cM
_c12991
999 _c237949
_d237949